=LDR 00000nam 2200000 4500 =001 INLIS000000000008270 =005 20130612100150 =008 ***********************************Ind** =035 ##$$0010-061300000008270 =041 ##$$a Ind =082 ##$$a 2x9.2 =090 ##$$a 2x9.2, Bas s =100 ##$$a Bastoni, Hepi Andi =245 ##$$a 101 sahabat nabi, Hepi Andi Bastoni =260 ##$$a 2002 $b Jakarta =300 ##$$a xxiii, 603 hlm, 24 cm =650 ##$$a Islam-sejarah